000 01691nam a2200385 c 4500
003 BLK
005 20180420223228.0
008 180408b bul|||||r ||||||| ||bul||
010 _aKNG00067969000
020 _a978-92-79-14351-9
_bиздат.: Представителство на Европ. комис. в България
040 _aBLK
041 _aBUL
_cBUL
072 7 _2bullib
_aН32
_xПолитика Н
080 _aЕвропейски съюз - политически аспекти
_b327.7:061.1ЕС
_x(035)
_z327.7:061.1ЕС(035)
080 _aЕвропейски съюз (икон. аспекти)
_b339.923:061.1ЕС
_x(035)
_z339.923:061.1ЕС(035)
110 1 _aЕвропейски съюз. Европ. комисия
_9291584
139 _aЕвропейски съюз. Европ. комисия
_bЕ 20
245 1 0 _aЕвропейски програми 2007 - 2013
_bСправ.
250 _a6. прераб. изд.
257 _aEUR
260 София
_bПредставителство на Европ. комис. в България
_c2009
_fСофия : Минерва
300 _a144 с.
_bс ил.
_c24 см
380 _a3
500 _a1. изд. 2003 със състав. И. Шикова, М. Георгиева, И. Чалева. - Офс. изд.
650 4 _aЕвропейски съюз - програми
_9274379
651 4 _aЕвропейски съюз
_9258188
653 _aпрограми
653 _aЕвропейски съюз
659 _aН
852 _aЦб 252795
856 4 _qpdf
_u
856 4 _qpdf
_u
942 _cKNG
_n0
944 _aCR
_c09.09.2011
_lф /
_kЛюдмила_Стоянова
944 _aED
_c16.11.2011
_lф /
_k
999 _c63711
_d63711